000 00807nam a2200229Ia 4500
008 0000002009 sp ad 0000000000mul00
090 _aPSP00 J91j
245 1 0 _aJuan Francisco Casas
300 _a1 plegable [8] p.
_c/ 22 cm.
500 _aIncluye cronología del artista \ Texto bilingue: español inglés
505 _aOBRAS: The italian dream The danish click Flickart
600 0 0 _aCASAS, JUAN FRANCISCO, 1976/
_xTRABAJOS PICTORICOS
650 1 4 _aARTE CONTEMPORANEO ESPAÑOL
650 1 4 _aARTISTAS PLASTICOS ESPAÑOLES
650 1 4 _xCATALOGOS
650 1 4 _aDIBUJOS ESPAÑOLES
650 1 4 _aDIBUJOS ESPAÑOLES
650 1 4 _aFOTOGRAFIA ESPAÑOLA
650 1 4 _aPINTORES ESPAÑOLES
650 1 4 _aPINTURA ESPAÑOLA
999 _c13331
_d13331
260 _aMadrid : Galería Fernando Pradilla
_c2009